Identificación y análisis de la posición de los periódicos ante la huelga de los trabajadores de la Caja Costarricense de Seguro Social

Guardat en:
Dades bibliogràfiques
Format: Text
Publicat: s.n.t :
Etiquetes: Afegir etiqueta
Sense etiquetes, Sigues el primer a etiquetar aquest registre!

MARC

LEADER 00000 a a2200000 04500
001 18102
003
040 |a CRAI/IIS  |c CRAI/IIS 
090 |a 023400  
245 |a Identificación y análisis de la posición de los periódicos ante la huelga de los trabajadores de la Caja Costarricense de Seguro Social  
260 |a s.n.t :  
300 |a 36 p.  
999 |c 17055  |d 17055